export_success — 

Shortcuts to success project management in the real world /

Bibliographic Details
Main Author: Harrin, Elizabeth.
Corporate Author: ProQuest (Firm)
Format: Electronic eBook
Language:English
Published: Swindon : BCS, 2013.
Edition:2nd ed.
Subjects:
Online Access:Click to View
LEADER 01531nam a2200373 a 4500
001 EBC1183319
003 MiAaPQ
005 20200520144314.0
006 m o d |
007 cr cn|||||||||
008 130603s2013 enkad sb 001 0 eng d
020 |z 9781780171715 
020 |a 9781780171722 (electronic bk.) 
035 |a (MiAaPQ)EBC1183319 
035 |a (Au-PeEL)EBL1183319 
035 |a (CaPaEBR)ebr10705865 
035 |a (CaONFJC)MIL559653 
035 |a (OCoLC)845254414 
040 |a MiAaPQ  |c MiAaPQ  |d MiAaPQ 
050 4 |a HD69.P75  |b H37 2013 
082 0 4 |a 658.404  |2 23 
100 1 |a Harrin, Elizabeth. 
245 1 0 |a Shortcuts to success  |h [electronic resource] :  |b project management in the real world /  |c Elizabeth Harrin. 
250 |a 2nd ed. 
260 |a Swindon :  |b BCS,  |c 2013. 
300 |a xix, 221 p. :  |b ill. 
500 |a 1st edition published as "Project management in the real world" 2007. 
504 |a Includes bibliographical references and index. 
505 0 |a section 1. Managing project budgets -- section 2. Managing project scope -- section 3. Managing project teams -- section 4. Managing project plans -- section 5. Managing yourself. 
533 |a Electronic reproduction. Ann Arbor, MI : ProQuest, 2015. Available via World Wide Web. Access may be limited to ProQuest affiliated libraries. 
650 0 |a Project management. 
655 4 |a Electronic books. 
710 2 |a ProQuest (Firm) 
856 4 0 |u https://ebookcentral.proquest.com/lib/matrademy/detail.action?docID=1183319  |z Click to View